000 01098nam#a22004095a#4500
001 1006
008 100302s1977####sp#a###f#e####001#0#spa#d
245 1 0 _aEnciclopedia Salvat de la Jardinería :
_bFlora /
_cdirigido por Juan Salvat.
250 _a1ª ed.
260 _aBarcelona :
_bSalvat,
_c1977.
300 _a300 p. :
_bfot. col. ;
_c27 cm.
100 1 _aSalvat, Juan,
_edirector.
_4drt
080 _a635(031)
084 _aE56
653 _aEnciclopedia de jardinería
653 _aJardinería
653 _aPlantas de apartamentos
653 _aPlantas de invernadero caliente
653 _aPlantas de invernadero frío
653 _aAbonos
653 _aPlantas de exterior decorativas
653 _aPlantas de interior decorativas
653 _aCamelias
653 _aBegonias
653 _aCrisantemos
653 _aClaveles
653 _aGeranios
653 _aLavanda
653 _aMargaritas
653 _aRosas
653 _aAraucarias
653 _aFicus
040 _aAR-ClEAG
_cAR-ClEAG
005 20241107184654.0
003 AR-ClEAG
942 _cBK
999 _c1006
_d1006
980 _62
_aEvangelina Gallicchio
_82
_gEvangelina Gallicchio